College physics / (Record no. 1045)

MARC details
000 -LEADER
fixed length control field 00718nam a2200265 a 4500
005 - DATE AND TIME OF LATEST TRANSACTION
control field 20260322212044.0
008 - FIXED-LENGTH DATA ELEMENTS--GENERAL INFORMATION
fixed length control field data
010 ## - LIBRARY OF CONGRESS CONTROL NUMBER
LC control number 97081031
020 ## - INTERNATIONAL STANDARD BOOK NUMBER
International Standard Book Number 003023798X
020 ## - INTERNATIONAL STANDARD BOOK NUMBER
International Standard Book Number 9780030237980
040 ## - CATALOGING SOURCE
Original cataloging agency DLC
Transcribing agency DLC
050 00 - LIBRARY OF CONGRESS CALL NUMBER
Classification number QC21.2
Item number .S378 1999
082 00 - DEWEY DECIMAL CLASSIFICATION NUMBER
Classification number 530
Edition information 21
092 ## - LOCALLY ASSIGNED DEWEY CALL NUMBER (OCLC)
Classification number 530.21 S378 1999
001 - CONTROL NUMBER
control field data
100 1# - MAIN ENTRY--PERSONAL NAME
Personal name Serway, Raymond A.
245 10 - TITLE STATEMENT
Title College physics /
Statement of responsibility, etc. Raymond A. Serway & Jerry S. Faughn.
250 ## - EDITION STATEMENT
Edition statement 5th ed.
260 ## - PUBLICATION, DISTRIBUTION, ETC.
Place of publication, distribution, etc. Fort Worth :
Name of publisher, distributor, etc. Saunders College Pub.,
Date of publication, distribution, etc. c1999.
300 ## - PHYSICAL DESCRIPTION
Extent 1 v. (various pagings) :
Other physical details ill. (some col.) ;
Dimensions 26 cm.
490 0# - SERIES STATEMENT
Series statement Saunders golden sunburst series
500 ## - GENERAL NOTE
General note Includes index.
650 #0 - SUBJECT ADDED ENTRY--TOPICAL TERM
Topical term or geographic name entry element Physics.
700 1# - ADDED ENTRY--PERSONAL NAME
Personal name Faughn, Jerry S.
Holdings
Withdrawn status Lost status Damaged status Not for loan Home library Current library Shelving location Date acquired Total checkouts Full call number Barcode Date last seen Price effective from Koha item type
        Centerville Centerville General stacks 22/03/2026   530 21 BC0011079 22/03/2026 22/03/2026 Books